000 00307nam a2200133Ia 4500
008 231129s1971||||xx |||||||||||||| ||spa||
040 _bspa
082 _a320.5 P922h
100 _aPrelot Marcel
245 0 _aHistoria de las ideas polí­ticas
260 _c1971
264 _aLa Ley
942 _2ddc
_cBKS
999 _c15191
_d15191